| 000 | 00409nam a2200157 a 4500 | ||
|---|---|---|---|
| 005 | 20140412111237.0 | ||
| 008 | 010328s19uu xx 00 eng d | ||
| 020 | _a0-590-34889-2 | ||
| 050 |
_aTR(GS 413 _bSc6 1988 |
||
| 245 | _aUsing the dictionary, E. | ||
| 260 |
_aNew York : _bScholastic Inc, _c1988. |
||
| 300 | _a32 p. | ||
| 440 | _aA Scholastic Skills Book | ||
| 650 | _aDictionary | ||
| 999 |
_c102478 _d102478 |
||